Hiányzó szemelvények és írók 2 Szöveggyüjtemény a magyar és világirodalom tanításához

Bibliographic Details
Other Authors: Tankó, Ladislav, 1934-2014 (Compiler)
Format: Book
Language:Hungarian
PhysicalDescription:135 s. 20 cm
Published: Bratislava Metodické centrum 1994
ISBN:808518558X
Subjects:

MARC

LEADER 00000cam a2200000 a 4500
001 vtls001075913
003 SK-MaSNL
005 20260301111058.0
008 240606s1994 xo gr 00001 hun
015 |a SNBA1994/08 
020 |a 808518558X 
035 |a SNK000018746 
040 |a SNK  |b slo  |c SNK  |e AACR2 
041 0 |a hun 
044 |a xo  |c SK 
072 7 |a 82  |x Literatúra. Literárny život  |2 konspekt 
080 |a 820/899 (100)-1/-3+894.511-1/-3(082)=945.11  |2 1998 
080 |a 894.511-1/-3  |2 1998 
080 |a 82(091):894.511+820/899 (100)  |2 1998 
080 |a 821(100)  |2 2011 
080 |a 821.511.141  |2 2011 
080 |a 82-051  |2 2011 
080 |a (075.2)  |2 2011 
080 |a 82:081  |2 2011 
245 1 |a Hiányzó szemelvények és írók 2  |b Szöveggyüjtemény a magyar és világirodalom tanításához  |c összeállított László Tánkó 
246 1 1 |a Chýbajúci autori a ich diela 2 
260 |a Bratislava  |b Metodické centrum  |c 1994 
300 |a 135 s.  |c 20 cm 
366 |e 1000 výtl. 
650 0 7 |a svetová literatúra  |2 SNKPH  |9 1433 
650 0 7 |a maďarská literatúra  |2 SNKPH  |9 1193 
650 0 7 |a spisovatelia  |2 SNKPH  |9 4982 
650 0 7 |a literárne diela  |2 SNKPH  |9 64194 
655 7 |a čítanky  |2 SNKPH  |9 60817 
700 1 |a Tankó, Ladislav,  |d 1934-2014  |4 com  |9 247084 
852 |a Slovenská národná knižnica 
919 |a 80-85185-58-X 
954 |a beletria cudzojazyčná (svetová)  |2 lita 
954 |a odborná, vedecká literatúra cudzojazyčná (svetová)  |2 lita 
958 |a LX 
999 |c 705403  |d 707333 
952 |t P60, <04>, [BOOK], {604}  |a SNK  |b SNK  |y VYP  |7 0  |p 17A0346436  |o snkSD 66364/2 D1  |i snkKSP 5983/94  |0 0  |1 0  |4 0  |d 2002-06-21  |l 0  |r 2004-12-31 00:00:00  |w 2026-02-23 
952 |a SNK  |b SNK  |y PREZ  |7 0  |p 17A1020970  |o snkSD 66364/2   |0 0  |1 0  |4 0  |d 2013-07-17  |l 0  |r 2026-02-23 21:13:53  |w 2026-02-23